000 005210000a22001930004500
001 003898
003 MACL
005 20150915134859.0
008 150915b xxu||||| |||| 00| 0 eng d
040 _aMACL
_cMACL
041 _aEnglish
082 _a823/LAL
100 _aLal, Malashri
_911116
245 _aThe Law of the Threshold
_bWomen Writirs in Indian English
_cMalashri Lal
260 _aNoida
_c1995
_bIndian Institute Of Advanced Study,
350 _a175
650 _aLiterature
_911117
942 _k823
_cBK
_2ddc
999 _c15791
_d15791